Families and their relatives (Record no. 129755)

MARC details
000 -LEADER
fixed length control field 00822nam a2200277Ia 4500
003 - CONTROL NUMBER IDENTIFIER
control field OSt
005 - DATE AND TIME OF LATEST TRANSACTION
control field 20220918165426.0
008 - FIXED-LENGTH DATA ELEMENTS--GENERAL INFORMATION
fixed length control field 220917b |||||||| |||| 00| 0 eng d
020 ## - INTERNATIONAL STANDARD BOOK NUMBER
International Standard Book Number 710064314
037 ## - SOURCE OF ACQUISITION
Terms of availability Textual
040 ## - CATALOGING SOURCE
Original cataloging agency ARTS
Transcribing agency ARTS
Language of cataloging eng
041 ## - LANGUAGE CODE
Source of code eng
Language code of text/sound track or separate title eng
100 ## - MAIN ENTRY--PERSONAL NAME
Personal name Firth Raymond
9 (RLIN) 24160
245 #0 - TITLE STATEMENT
Title Families and their relatives
Remainder of title Kinship in a middle-class sector of London
260 ## - PUBLICATION, DISTRIBUTION, ETC.
Place of publication, distribution, etc. New York
Name of publisher, distributor, etc. Routledge and Kegan Paul USA
Date of publication, distribution, etc. 1969
300 ## - PHYSICAL DESCRIPTION
Extent xv,475p.
Dimensions cm.
650 ## - SUBJECT ADDED ENTRY--TOPICAL TERM
Topical term or geographic name entry element SOCIOLOGY
700 ## - ADDED ENTRY--PERSONAL NAME
Personal name Forge Anthony
9 (RLIN) 24161
700 ## - ADDED ENTRY--PERSONAL NAME
Personal name Hubert Jane
9 (RLIN) 24162
942 ## - ADDED ENTRY ELEMENTS (KOHA)
Classification part Y12-153.3214, K9
Koha item type Textual
Source of classification or shelving scheme Colon Classification (CC)
Holdings
Withdrawn status Lost status Damaged status Not for loan Home library Current library Date acquired Total Checkouts Full call number Barcode Date last seen Price effective from Koha item type
        Arts Library Arts Library 2022-09-18   Y12-153.3214 K9 AL0326915 2022-09-18 2022-09-18 Textual
Copyright @ Delhi University Library System